Extinct Animals of Australia-Pictures - Statistics

General Stats
  • This quiz has been taken 26 times
  • The average score is 2 of 14
Answer Stats
Picture Answer % Correct
Thylacine
91%
Lesser Bilby
23%
Paradise Parrot
18%
King Island Emu
14%
(Southern) Gastric Brooding Frog
14%
Pig Footed Bandicoot
9%
Desert Bandicoot
5%
Desert Rat-Kangaroo
5%
White Swamphen
5%
Crescent Nailtailed Wallaby
0%
Lake Pedder Earthworm
0%
Long-Tailed Hopping Mouse
0%
Norfolk Kaka
0%
Toolache Wallaby
0%
No matching quizzes found
Score Distribution
Percent of People with Each Score
Percentile by Number Answered
Your Score History
You have not taken this quiz